| 000 | 00831nam a2200253Ia 4500 | ||
|---|---|---|---|
| 003 | OSt | ||
| 005 | 20220925203400.0 | ||
| 006 | a|||||r|||| 00| 0 | ||
| 007 | ta | ||
| 008 | 220923b |||||||| |||| 00| 0 eng d | ||
| 020 |
_a9780822343271 _c1284.0599999999999 |
||
| 037 |
_b103, 14/07/2009, INDEPENDENT PUBLISHERS GROUP _cGeneral Book |
||
| 040 |
_aRTL _cRTL _beng |
||
| 041 |
_2eng _aeng |
||
| 082 | _aY9(W), P8 | ||
| 100 |
_aEscobar Arturo _9244894 |
||
| 245 | 0 |
_aTerritories of difference _b Place, movements, life, redes |
|
| 260 |
_aDurham _bDuke University Press _c2008 |
||
| 300 |
_axvi, 435p _ccm. |
||
| 500 | _aBibliography P 381-415 | ||
| 650 |
_aPOLITICS _9265771 |
||
| 942 |
_hY9(W), P8 _cGB _2CC |
||
| 999 |
_c546167 _d546167 |
||